Karel IV.. Avignon, nebo Řím /
Další díl historické série z poloviny 14. století, která je do značné míry inspirována skutečnými událostmi z doby krále Karla IV.
Uloženo v:
| Série: | Lucemburská sága,
část 10 |
|---|---|
| Hlavní autor: | |
| Médium: | E-kniha |
| Jazyk: | Czech |
| Vydáno: |
Praha :
Ikar,
2025
|
| Vydání: | Vydání první |
| Témata: | |
| Příbuzné jednotky: | Z cyklu::
Lucemburská sága |
| Tagy: |
Žádné tagy |
| LEADER | 02886nam a2200529 i 4500 | ||
|---|---|---|---|
| 001 | 302424 | ||
| 003 | CZ PrSKC | ||
| 005 | 20260512063242.0 | ||
| 007 | ta | ||
| 008 | 250516s2025 xr g 000 f cze | ||
| 015 | |a cnb003666840 | ||
| 020 | |a 9788024957074 |q (vázáno) | ||
| 035 | |a (OCoLC)1527578066 | ||
| 040 | |a ABG001 |b cze |e rda | ||
| 043 | |a e-xr--- | ||
| 045 | |a r-r- | ||
| 072 | 7 | |a 821.162.3-3 |x Česká próza |2 Konspekt | |
| 080 | |a 821.162.3-31 |2 MRF | ||
| 080 | |a 929.731 |2 MRF | ||
| 080 | |a (437.3) |2 MRF | ||
| 080 | |a (0:82-311.6) |2 MRF | ||
| 100 | 1 | |a Jindra, Jaromír, |d 1949- |7 jn20000401239 |4 aut | |
| 245 | 1 | 0 | |a Karel IV.. |p Avignon, nebo Řím / |c Jaromír Jindra |
| 246 | 3 | 0 | |a Avignon, nebo Řím |
| 250 | |a Vydání první | ||
| 264 | 1 | |a Praha : |b Ikar, |c 2025 | |
| 300 | |a 319 stran ; |c 21 cm | ||
| 336 | |a text |b txt |2 rdacontent | ||
| 337 | |a bez média |b n |2 rdamedia | ||
| 338 | |a svazek |b nc |2 rdacarrier | ||
| 520 | 2 | |a Další díl historické série z poloviny 14. století, která je do značné míry inspirována skutečnými událostmi z doby krále Karla IV. |b Anna Svídnická umírá při porodu a Karel IV. se opět žení. Po svatbě s Alžbětou Pomořanskou spěchá s korunovací dvouletého Václava na českého krále a svou již čtvrtou ženu dává korunovat až o několik dnů později, což Alžběta přijímá se značnou nelibostí. Císař jedná v Avignonu s papežem Urbanem a marně se ho snaží přesvědčit, aby se vrátil do Říma. Uvědomuje si, že Kristově církvi hrozí rozkol, ale není v jeho moci nebezpečí odvrátit. Také život na Vildštejně není bez dramatických zvratů. Při přestavbě Šimíčkovy tvrze se najde v zemi ukrytá stará truhla, jejíž záhadný obsah vyvolává nejrůznější spekulace... Nakladatelská anotace. | |
| 600 | 0 | 7 | |a Karel |b IV., |c český král a římský císař, |d 1316-1378 |7 jk01053000 |2 czenas |
| 600 | 0 | 9 | |a Charles |b IV., |c Holy Roman Emperor, |d 1316-1378 |2 eczenas |
| 648 | 7 | |a 14. století |7 ch460552 |2 czenas | |
| 650 | 0 | 7 | |a panovníci |7 ph117250 |z Česko |y 14. století |2 czenas |
| 650 | 0 | 9 | |a kings and rulers |z Czechia |y 14th century |2 eczenas |
| 655 | 7 | |a české romány |7 fd133974 |2 czenas | |
| 655 | 7 | |a historické romány |7 fd132414 |2 czenas | |
| 655 | 9 | |a Czech fiction |2 eczenas | |
| 655 | 9 | |a historical novels |2 eczenas | |
| 787 | 0 | 8 | |i Z cyklu: |t Lucemburská sága |g 10 |
| 900 | |a ABA001 |b 21 | ||
| 928 | 9 | |a Euromedia Group - Ikar | |
| 044 | |a xr | ||
| 910 | |a RBIT002 | ||
| 998 | |d 419904 |a https://core.palmknihy.cz/api/books/419904/cover?svfecj |b https://core.palmknihy.cz/api/books/419904/cover/400?svfecj |c https://core.palmknihy.cz/api/books/419904/cover/50?svfecj |e 2031-08-09 |g 320 |i 9788024957074 |j https://core.palmknihy.cz/api/books/419904/preview.epub |l |q 49 |r 1 |s https://www.palmknihy.cz/kniha/419904 |t ebook |y 2025 |z 0 |v Lucemburská sága |w 10 | ||
| 999 | |d 302422 | ||